Statistics for Most Populous States in the Americas

Click here to take the quiz!

General Stats

  • This quiz has been taken 13 times
  • The average score is 16 of 25

Answer Stats

PopulationStateCountry% Correct
28,995,881TexasUS
100%
21,477,737FloridaUS
100%
19,453,561New YorkUS
100%
39,512,223CaliforniaUS
100%
12,801,989PennsylvaniaUS
92%
46,289,333Sao PauloBR
85%
9,209,994Ciudad de MexicoMX
85%
17,366,189Rio de JaneiroBR
85%
16,992,418MexicoMX
85%
10,617,423GeorgiaUS
85%
11,689,100OhioUS
85%
12,671,821IllinoisUS
77%
13,448,494OntarioCA
69%
9,986,857MichiganUS
69%
10,488,084North CarolinaUS
62%
8,535,519VirginiaUS
62%
11,209,103LimaPE
54%
15,625,084Buenos AiresAR
54%
8,882,190New JerseyUS
54%
11,516,840ParanaBR
31%
14,930,634BahiaBR
23%
11,422,973Rio Grande do SulBR
15%
21,292,666Minas GeraisBR
8%
9,616,621PernambucoBR
0%
9,187,103CearaBR
0%

Score Distribution

Percentile by Number Answered

Percent of People with Each Score

Your Score History

You have not taken this quiz